| 000 | 01891cam a2200265 4500 | ||
|---|---|---|---|
| 001 | ABS64034 | ||
| 008 | 000000n2001 000 0 eng u | ||
| 035 | _a(Sirsi) u112813 | ||
| 100 | _aNewman, I | ||
| 245 | _aLocal government modernisation - the challenge for planners | ||
| 260 | _c2001 | ||
| 490 |
_aTown & Country Planning _v70(4) April 2001, 104-105(2) |
||
| 520 | _aDiscusses how government's modernisation programme with emphasis on neighbourhood renewal and social inclusion raises a number of complex issues for planners. Local authorities are now required to produce a community plan, a joint effort developed by the 'local strategic partnership' (LSP) comprising local stakeholders. Considers how the community plan will relate to the development plan, and highlights concerns that stakeholder interests may dominate the community plan. Suggests that planners will need to develop an understanding of the links between land use planning and social policy developments, as well as adapting to the new executive structures and the regional agenda. Concludes that while the promotion of social and environmental sustainability are welcome, there are elements of the agenda that are contradictory, for example strengthening the role of business interests, and planners will need to consider how to tackle these. Local Government Information Unit (LGIU) briefing papers promoting good practice in local strategies for social inclusion are available at £10 each from the LGIU, tel: 020 7554 2800. | ||
| 590 | _aABS | ||
| 650 | _aNEIGHBOURHOOD RENEWAL | ||
| 650 | _aSOCIAL INCLUSION | ||
| 650 | _aMODERNISATION | ||
| 650 | _aCOMMUNITY PLANS | ||
| 650 | _aDEVELOPMENT PLANS | ||
| 650 | _aPLANNERS | ||
| 650 | _aLOCAL STRATEGIC PARTNERSHIPS | ||
| 650 | _aLOCAL AUTHORITIES | ||
| 690 | _aENVIRONMENTAL AND LAND CONSULTANCY-PLANNING AND DEVELOPMENT | ||
| 942 | _n0 | ||
| 999 |
_c67158 _d67158 |
||